000 01689nam a22003497i 4500
999 _c64956
_d64956
001 768714001
003 CO-MdFUSB
005 20190422071330.0
008 190415t2014 sp eb|| |||| 00| 0 spa d
020 _a9788415732037
040 _aCO-MdFUSB
_bspa
_cCO-MdFUSB
_dCO-MdFUSBC
_erda
041 _aspa
082 _223
_a232.90
_bAS835
100 _aAslan, Reza,
_eautor
_d1972-
240 _aZealot: The life and times of Jesus of Nazareth
245 3 _aEl zelote :
_bla vida y época de Jesús de Nazaret.
_c/ Reza Aslan ; traducido por Varda Fizsbein
264 1 _aArgentina :
_bIndicios,
_c[2014]
264 4 _c© 2014
300 _a347 páginas
_c; 23 cm
336 _2rdacontent
_atexto
_btxt
337 _2rdamedia
_asin mediación
_bn
338 _2rdacarrier
_avolumen
_bnc
504 _aIncluye bibliografía (páginas 313-327)
505 _gPRIMERA PARTE:
_tPrólogo:
_a Otra clase de sacrificio. -- Un agujero en un rincón. -- Rey de los judíos. -- Vosotros sabéis de dónde soy. La cuarta filosofía -- ¿Dónde está vuestra flota para surcar los mares romanos? -- Año uno.
505 _gSEGUNDA PARTE:
_tPrólogo:
_aEl celo por tu casa -- La voz que clama en el desierto. -- Seguidme. -- Por el dedo de Dios. --- Venga a nosotros tu reino. ¿Quién decís que soy?. -- No hay más rey que César
505 _gTERCERA PARTE:
_tPrólogo:
_a Dios hecho carne. -- Si Cristo no hubiera resucitado. -- No soy un apóstol. -- El justo. -- Epílogo: Dios verdadero de Dios verdadero.
563 _aRústico.
600 0 7 _aJesucristo
_vLiteratura
650 7 _9239
_aCristología
_vNarrativa
700 _91640
_aVarda Fizsbein
_etraductor.
942 _cBK